| 000 | 00661nam a2200205Ia 4500 | ||
|---|---|---|---|
| 001 | 13487 | ||
| 003 | IVS | ||
| 005 | 20250626030846.0 | ||
| 008 | 211022s9999 xx 000 0 und d | ||
| 040 | _cIVS | ||
| 082 | _a700 AME | ||
| 100 | _aAmeerah Shoaib Motiwala | ||
| 245 | 0 | _aHow has Parallel Theatre in Pakistan navigated through thresholds of public and private spaces, responding to different times and contexts? | |
| 260 | _aKarachi | ||
| 260 | _bIndus Valley School of Art & Architecture | ||
| 260 | _c2017 | ||
| 300 | _a63 | ||
| 856 | _uhttps://drive.google.com/file/d/18BhWFCQD7n8qk49fIeRiZnCdHsTLJ3Og/view?usp=sharing | ||
| 942 |
_cDISS _n0 _2ddc |
||
| 999 |
_c13072 _d13072 |
||